Hauts-de-France: villes de plus de 50 000 habitants - Statistiques

Statistiques générales
  • Ce quiz a été pris 64 fois
  • Le résultat moyen est 8 sur 9
Statistiques - réponses
Classement Population Département Nom de la commune % Correct
1 238 000 59 Lille
100%
2 134 000 80 Amiens
98%
6 67 000 62 Calais
94%
5 87 000 59 Dunkerque
94%
3 99 000 59 Roubaix
90%
4 99 000 59 Tourcoing
87%
8 55 000 60 Beauvais
83%
9 52 000 02 Saint-Quentin
77%
7 62 000 59 Villeneuve-d'Ascq
71%
Aucun quiz correspondant
Distribution des résultats
% des personnes avec chaque résultat
Percentile par nombre de réponses
Votre historique - résultats
Vous n’avez pas pris ce quiz